| 000 | 01401cam a2200361 4500 | ||
|---|---|---|---|
| 008 | 000000n1999 000 0 eng u | ||
| 020 | _a0117534692 | ||
| 035 | _a(Sirsi) u101079 | ||
| 041 | _aeng | ||
| 050 |
_a692.2 _c18 |
||
| 110 |
_aUnited Kingdom _bDepartment of the Environment, Transport and the Regions _93507 |
||
| 240 | _aApproved Document M | ||
| 240 | _aPart M | ||
| 245 |
_aBuilding Regulations 1991 _baccess and facilities for disabled people -Approved Document M |
||
| 250 | _a1999 ed. | ||
| 260 |
_aLondon _bStationery Office _c1999 |
||
| 300 |
_a33p. _c30cm. |
||
| 350 | _a7.95 | ||
| 505 | _aM1 : interpretation | ||
| 505 | _aM2 : access and use | ||
| 505 | _aM3 : sanitary conveniences | ||
| 505 | _aM4 : audience or spectator seating | ||
| 520 | _aView at www.odpm.gov.uk. | ||
| 520 | _aSuperseded by 2004 edition (ISBN 0117539015). Coming in to effect 25 October 1999. | ||
| 650 | _aBUILDING REGULATIONS 1991 | ||
| 650 | _aBUILDING REGULATIONS 1991 APPROVED DOCUMENT M (1999 EDITION) | ||
| 650 | _aMANAGEMENT-BUSINESS MANAGEMENT-DISCRIMINATION-DISABILITY DISCRIMINATION-ACCESSIBILITY | ||
| 650 | _aDISABLED FACILITIES | ||
| 690 | _aBUILT ENVIRONMENT-BUILDING STANDARDS | ||
| 710 |
_aUnited Kingdom _bWelsh Office _91214 |
||
| 856 |
_uhttps://www.communities.gov.uk/index.asp?id=1165605 _zView the Approved Document on the ODPM website... |
||
| 942 | _n0 | ||
| 999 |
_c100010 _d100010 |
||